000 00667nam a22002412i 4500
999 _c7221
_d7221
001 7221
003 BD - Jhcc
005 20180418165544.0
008 500101s1958 xxk j 000 0 eng d
035 _a(BD - Jhcc)7221
040 _aUKM
_cUKM
_dEQO
_dBD - Jhcc
041 _aeng
082 _a823.91
_bBER 1958
082 _aJ
_218
100 1 _aBerg, Leila.
245 1 4 _aThe adventures of Chunky /
_cLeila. Berg and illustrated by George Downs
260 _aOxford University Press,
_c1958
300 _a196 p. :
_bill. ;
_c20 cm
500 _aOriginally published (B50-8263) 1950
830 0 _aOxford Children's Library
942 _2ddc
_cBK